000 01020cam a2200253 4500
001 ABS62750
008 000000n2000 000 0 eng u
035 _a(Sirsi) u107807
100 _aCrosby, N.
245 _aSurvival of the smallest
260 _c2000
490 _aEstates Gazette
_v(0029) 22 July 2000, 120-121(2)
520 _aSuggests that the government should focus more on the needs of the small business tenant. Proposes that these needs could be addressed by providing readily understandable information about leases and offering them positive protection of their interests. Looks at the experiences of small retail tenants in Australia who placed pressure on their government to give them a fairer deal in the 1980s.
590 _aABS
650 _aSMALL BUSINESSES
650 _aLEASES
650 _aLEASE TERMS
650 _aBUSINESS TENANTS
650 _aAUSTRALIA
690 _aLANDLORD AND TENANT-BUSINESS TENANCIES
700 _aRowland, P.
700 _aMurdoch, S.
942 _n0
999 _c64394
_d64394